Техническая эксплуатация автомобилей. Теоретические и практические аспекты: учебное пособие для вузов

Бібліографічні деталі
Автор: Малкин В. С. Владимир Сергеевич
Резюме:Рассмотрены вопросы обеспечения качества и надежности автомобилей в процессе их эксплуатации. Приведены методы определения статистических характеристик показателей надежности, анализа надежности автомобиля как сложной системы, нормирования запасных частей, стратегии их замены. Описаны методы контроля качества материально-технического обеспечения. Даны методики определения периодичности технического обслуживания и теоретические основы диагностики, рассмотрены вопросы информационного обеспечения и выбора средств механизации технологических процессов.
Мова:Російська
Опубліковано: Москва, Академия, 2009
Редагування:2-е изд., стер.
Серія:Высшее профессиональное образование
Предмети:
Формат: MixedMaterials Книга
KOHA link:https://koha.lib.tpu.ru/cgi-bin/koha/opac-detail.pl?biblionumber=164216

MARC

LEADER 00000nam0a2200000 4500
001 164216
005 20231101222445.0
010 |a 9785769558399 
035 |a (RuTPU)RU\TPU\book\178168 
090 |a 164216 
100 |a 20090902d2009 m y0rusy50 ca 
101 0 |a rus 
102 |a RU 
105 |a a j 001zy 
200 1 |a Техническая эксплуатация автомобилей. Теоретические и практические аспекты   |e учебное пособие для вузов  |f В. С. Малкин 
205 |a 2-е изд., стер. 
210 |a Москва  |c Академия  |d 2009 
215 |a 288 с.  |c ил. 
225 1 |a Высшее профессиональное образование 
320 |a Библиогр.: с. 283-284. 
330 |a Рассмотрены вопросы обеспечения качества и надежности автомобилей в процессе их эксплуатации. Приведены методы определения статистических характеристик показателей надежности, анализа надежности автомобиля как сложной системы, нормирования запасных частей, стратегии их замены. Описаны методы контроля качества материально-технического обеспечения. Даны методики определения периодичности технического обслуживания и теоретические основы диагностики, рассмотрены вопросы информационного обеспечения и выбора средств механизации технологических процессов. 
606 1 |a Автомобили  |x Профилактическое обслуживание  |2 stltpush  |3 (RuTPU)RU\TPU\subj\1041  |9 29837 
610 1 |a автотранспорт 
610 1 |a качество 
610 1 |a надежность 
610 1 |a случайные величины 
610 1 |a механическая эксплуатация 
610 1 |a процессы 
610 1 |a сложные системы 
610 1 |a ремонтопригодность 
610 1 |a теоретические основы 
610 1 |a испытания 
610 1 |a запасные части 
610 1 |a нормирование 
610 1 |a материально-техническое обеспечение 
610 1 |a диагностика 
610 1 |a массовое обслуживание 
610 1 |a информационное обеспечение 
610 1 |a механизация 
610 1 |a учебные пособия 
675 |a 629.113.004(075.8)  |v 3 
700 1 |a Малкин  |b В. С.  |g Владимир Сергеевич 
801 1 |a RU  |b 63413507  |c 20090902 
801 2 |a RU  |b 63413507  |c 20150702  |g RCR 
900 |a Автомобили и тракторы 
900 |a Надежность электрооборудования автомобилей и тракторов 
900 |a Диагностика и техническое обслуживание машин 
900 |a Контрольно-диагностическое и испытательное оборудование автомобилей 
942 |c BK 
951 |b 190601  |b 190600 
959 |a 88/20090901  |d 2  |e 239,80  |f АНЛ:1  |f ЧЗТЛ:1